| 000 | 00400pab a2200157 454500 | ||
|---|---|---|---|
| 008 | 180718b1999 xxu||||| |||| 00| 0 eng d | ||
| 100 | _aArene, C.J. | ||
| 245 | _aThe position of women in the repayment of agriculture loans in Nigeria: an analysis | ||
| 260 | _c1999 | ||
| 300 | _ap.29-34 | ||
| 362 | _aOct-Dec | ||
| 650 | _aWomen | ||
| 700 | _aAneke, G.C. | ||
| 773 | _aVikalpa | ||
| 909 | _a43577 | ||
| 999 |
_c43577 _d43577 |
||